书目信息 |
| 题名: |
商务交际英语听说教程
|
|
| 作者: | 周保国 主编 | |
| 分册: | 上册 | |
| 出版信息: | 武汉 武汉大学出版社 2007.12 |
|
| 页数: | 363页 | |
| 开本: | 24cm | |
| 丛书名: | ||
| 单 册: | ||
| 中图分类: | H319.9 | |
| 科图分类: | ||
| 主题词: | 商务--shang wu--英语--听说教学--教材 | |
| 电子资源: | ||
| ISBN: | 978-7-307-05975-7 | |
| 000 | 00988nam0 2200229 450 | |
| 001 | 012008023367 | |
| 005 | 20080901142831.93 | |
| 010 | @a978-7-307-05975-7@dCNY29.00 (含光盘) | |
| 100 | @a20080901d2007 em y0chiy0120 ea | |
| 101 | 0 | @achi@aeng |
| 102 | @aCN@b420000 | |
| 105 | @ay z 000yy | |
| 106 | @ar | |
| 200 | 1 | @a商务交际英语听说教程@Ashang wu jiao ji ying yu ting shuo jiao cheng@h上册@f周保国主编@Fzhou bao guo zhu bian |
| 210 | @a武汉@c武汉大学出版社@d2007.12 | |
| 215 | @a363页@d24cm@e光盘1片 | |
| 330 | @a本书共分两个部分:第一部分,商务活动;第二部分,各类商务。内容涉及建立商务关系、出席商务会议、商务管理、电话交谈、求职面试、商业广告、商务攻关、商务谈判等15个商务活动专题。本书尽可能给读者提供会话的真实场景,使读者在学习本教程中有身临其境的感觉,能快速提高商务英语听说能力。 | |
| 606 | 0 | @a商务@Ashang wu@x英语@x听说教学@j教材 |
| 690 | @aH319.9@v4 | |
| 701 | 0 | @a周保国@Azhou bao guo@4主编 |
| 801 | 0 | @aCN@bQSSK@c20080901 |
| 905 | @b733097-99@dH319.9@eZ751:1@f3 | |
| 商务交际英语听说教程.上册/周保国主编.-武汉:武汉大学出版社,2007.12 |
| 363页;24cm+光盘1片 |
| ISBN 978-7-307-05975-7:CNY29.00 (含光盘) |
| 本书共分两个部分:第一部分,商务活动;第二部分,各类商务。内容涉及建立商务关系、出席商务会议、商务管理、电话交谈、求职面试、商业广告、商务攻关、商务谈判等15个商务活动专题。本书尽可能给读者提供会话的真实场景,使读者在学习本教程中有身临其境的感觉,能快速提高商务英语听说能力。 |
| ● |
| 相关链接 |
|
|
|
正题名:商务交际英语听说教程
索取号:H319.9/Z751:1
 
预约/预借
| 序号 | 登录号 | 条形码 | 馆藏地/架位号 | 状态 | 备注 |
| 1 | 733097 | 207330976 | 语言库209/209语言库 114排1列4层/ [索取号:H319.9/Z751:1] | 在馆 | |
| 2 | 733098 | 207330985 | 语言库209/209语言库 114排1列4层/ [索取号:H319.9/Z751:1] | 在馆 | |
| 3 | 733099 | 207330994 | 语言库209/209语言库 114排1列4层/ [索取号:H319.9/Z751:1] | 在馆 |